ខ្ញុំចង់ដឹងជីវិតរបស់...អាន់ ហ្វ្រែង / (Record no. 3635)
[ view plain ]
| 000 -LEADER | |
|---|---|
| fixed length control field | 02319nam a22002777a 4500 |
| 001 - CONTROL NUMBER | |
| control field | 3635 |
| 003 - CONTROL NUMBER IDENTIFIER | |
| control field | FISKH |
| 005 - DATE AND TIME OF LATEST TRANSACTION | |
| control field | 20250527162727.0 |
| 008 - FIXED-LENGTH DATA ELEMENTS--GENERAL INFORMATION | |
| fixed length control field | 240401b cb ||||| |||| 00| 0 eng d |
| 020 ## - INTERNATIONAL STANDARD BOOK NUMBER | |
| International Standard Book Number | 9789995054380 |
| 040 ## - CATALOGING SOURCE | |
| Original cataloging agency | FISKH |
| Language of cataloging | khr |
| Transcribing agency | FISKH |
| Modifying agency | FISKH |
| 050 ## - LIBRARY OF CONGRESS CALL NUMBER | |
| Classification number | PZ7 |
| 082 ## - DEWEY DECIMAL CLASSIFICATION NUMBER | |
| Classification number | 920 |
| 100 ## - MAIN ENTRY--PERSONAL NAME | |
| Personal name | Labbé, Brigitte. |
| 245 ## - TITLE STATEMENT | |
| Title | ខ្ញុំចង់ដឹងជីវិតរបស់...អាន់ ហ្វ្រែង / |
| Statement of responsibility, etc. | និពន្ធដោយ Brigitte Labbé និង Pierre-François Dumpont-Beurier រូបភាពដោយ Jean-Pierre Joblin. |
| 260 ## - PUBLICATION, DISTRIBUTION, ETC. | |
| Place of publication, distribution, etc. | Phnom Penh : |
| Name of publisher, distributor, etc. | Sipar, |
| Date of publication, distribution, etc. | 2010. |
| 300 ## - PHYSICAL DESCRIPTION | |
| Extent | 44 pages : |
| Other physical details | color illustrations ; |
| Dimensions | 20 cm |
| 520 ## - SUMMARY, ETC. | |
| Summary, etc. | មនុស្សរាប់លាននាក់នៅក្នុងលោកទាំងមូលបានអានកំណត់ហេតុលំអិត ដែលអាន់ ហ្វ្រែងបានសរសេរពីអាយុ ១៣ដល់ ១៥ឆ្នាំ។ ខ្សែរជីវិតរបស់អាន់ ហ្វ្រែង ចាប់តាំងពីវ័យកុមារភាពនៅអាឡឺម៉ង់ រហូតដល់ការចាប់ខ្លួននាងនៅពេអ៊ីបា(ហូឡង់) ដោយពួកណាស៊ី បានជួយឳ្យយើងយល់ច្បាស់ជាងមេរៀនប្រវត្តិវិទ្យានានាទៅទៀត : សម្លាប់ជនជាតិជ្វិហ្វ៦លាននាក់ គឺសម្លាប់មនុស្សជាតិម្នាក់ ភាវៈទោលមួយ អស់៦លានដង។ |
| 520 ## - SUMMARY, ETC. | |
| Summary, etc. | Millions of people around the world read the detailed diary written by Anne Frank from the age of 13 to 15. Anne Frank's life story from her childhood in Germany to her capture in Peiba (Netherlands) by the Nazis has given us a better understanding of the lessons of history: Killing 6 million Jews is killing humanity. A single being 6 million times. |
| 650 ## - SUBJECT ADDED ENTRY--TOPICAL TERM | |
| Topical term or geographic name entry element | រើសអើង |
| General subdivision | ការសម្លាប់ |
| 650 ## - SUBJECT ADDED ENTRY--TOPICAL TERM | |
| Topical term or geographic name entry element | Discriminate |
| General subdivision | Killing |
| 700 ## - ADDED ENTRY--PERSONAL NAME | |
| Personal name | Dumpont-Beurier, Pierre-François |
| Relator term | Author |
| 700 ## - ADDED ENTRY--PERSONAL NAME | |
| Personal name | Joblin, Jean-Pierre |
| Relator term | illustrator |
| 942 ## - ADDED ENTRY ELEMENTS (KOHA) | |
| Source of classification or shelving scheme | Dewey Decimal Classification |
| Koha item type | Khmer Books |
| Suppress in OPAC | No |
| Withdrawn status | Lost status | Source of classification or shelving scheme | Damaged status | Not for loan | Collection | Home library | Current library | Shelving location | Date acquired | Total Checkouts | Full call number | Barcode | Date last seen | Copy number | Price effective from | Koha item type | Date last checked out |
|---|---|---|---|---|---|---|---|---|---|---|---|---|---|---|---|---|---|
| Dewey Decimal Classification | Khmer Non-Fiction / សៀវភៅខ្មែរ រឿងពិត | Footprints International School Library Network Toul Kork Campus | Footprints International School Library Network Toul Kork Campus | TK Old Khmer Books (Rear Hallway Shelf 3) | 04/01/2024 | LAB 920 PZ7 | FISTK03744 | 04/01/2024 | 1 | 04/01/2024 | Khmer Books | ||||||
| Dewey Decimal Classification | Khmer Non-Fiction / សៀវភៅខ្មែរ រឿងពិត | Footprints International School Library Network Toul Kork Campus | Footprints International School Library Network Toul Kork Campus | TK Old Khmer Books (Rear Hallway Shelf 3) | 04/01/2024 | LAB 920 PZ7 | FISTK03743 | 04/04/2024 | 2 | 04/01/2024 | Khmer Books | ||||||
| Dewey Decimal Classification | Khmer Non-Fiction / សៀវភៅខ្មែរ រឿងពិត | Footprints International School Library Network Toul Kork Campus | Footprints International School Library Network Toul Kork Campus | TTP Secondary Khmer Bookshelves | 04/01/2024 | 1 | LAB 920 PZ7 | FIS02345 | 03/13/2025 | 3 | 04/01/2024 | Khmer Books | 03/11/2025 | ||||
| Dewey Decimal Classification | Khmer Non-Fiction / សៀវភៅខ្មែរ រឿងពិត | Footprints International School Library Network Toul Tom Poung Campus | Footprints International School Library Network Toul Tom Poung Campus | TTP Secondary Khmer Bookshelves | 04/01/2024 | LAB 920 PZ7 | FIS03782 | 09/25/2024 | 4 | 04/01/2024 | Khmer Books | ||||||
| Dewey Decimal Classification | Khmer Non-Fiction / សៀវភៅខ្មែរ រឿងពិត | Footprints International School Library Network Toul Tom Poung Campus | Footprints International School Library Network Toul Tom Poung Campus | TTP Primary Khmer Bookshelves | 03/11/2025 | LAB 920 PZ7 | FISSE02315 | 03/11/2025 | 5 | 03/11/2025 | Khmer Books |
